000 00441nam a2200181Ia 4500
001 8555
005 20260306160618.0
008 260306t1995||||xx |||||||||||||| ||spa||
041 _aESP
082 _a371.104
_bL88
100 _aLópez Rupérez, Francisco
_eAUT
245 0 _aLa libertad de elección en educación
260 _c1995
300 _a322 páginas :
_c22 cm.
650 _aGEN
654 _aCED
942 _cLIB
_dJUS
_fJUS
_2ddc
_n
999 _c8555
_d8555